| 000 | 00531nam a22001457a 4500 | ||
|---|---|---|---|
| 008 | 160602b xxu||||| |||| 00| 0 eng d | ||
| 020 | _a971-542-343-4 | ||
| 082 |
_22003 _aDFil 658.4012 _bC26 |
||
| 245 |
_aCases on strategic management in the Philippine setting: _cedited by Emerlinda R. Roman |
||
| 260 |
_aQuezon City: _bThe University of the Philippines Press, _cc2003. |
||
| 300 |
_ax, 340 pages: _billustrations; _c23 cm. |
||
| 650 | 0 |
_99837 _aStrategic planning |
|
| 700 |
_99838 _aRoman, Emerlinda R. _eeditor |
||
| 942 |
_2ddc _cDFIL |
||
| 999 |
_c2951 _d2951 |
||